Riadenie požiadaviek interných zákazníkov útvaru ľudské zdroje v hutníckom podniku
Guardado en:
| Autor principal: | |
|---|---|
| Otros Autores: | , |
| Formato: | Capítulo de libro |
| Lenguaje: | eslovaco |
| Etiquetas: |
Sin Etiquetas, Sea el primero en etiquetar este registro!
|
MARC
| LEADER | 00000naa$a2200000$$$4500 | ||
|---|---|---|---|
| 001 | 0312104 | ||
| 005 | 20250908093148.9 | ||
| 041 | 0 | |a slo | |
| 044 | |a SK | ||
| 245 | 1 | 0 | |a Riadenie požiadaviek interných zákazníkov útvaru ľudské zdroje v hutníckom podniku |c Gabriel Bardiovský, Branislav Ondrík, Mária Antošová |
| 100 | 1 | |a Bardiovský, Gabriel | |
| 700 | 1 | |a Ondrík, Branislav | |
| 700 | 1 | |a Antošová, Mária, 1965- | |